000 00365nam a2200157Ia 4500
008 230516s9999 xx 000 0 und d
041 _aeng
082 _bZAF
100 _aZAFAR RASHEEDUZ
245 _aMEDICINAL PLANTS OF INDIA
260 _bCBS PUBLISHERS & DISTRIBUTORS
_c2002
300 _a132
365 _h20%
520 _aPH
650 _aPHARMACEUTICS
999 _c364288
_d364288